000
00337nam a2200133Ia 4500
008
240624s9999 xx 000 0 und d
041
_a
eng
082
_a
658 RAO
100
_a
RAO A V L N
245
_a
MANAGEMENT SCIENCE
260
_c
2002
_a
Chennai
_b
SCITECH Publications (India) Pvt.Ltd.
300
_a
302 : p. : cm. ; 25
365
_c
RS
999
_c
2706
_d
2706